Business focus : Class cassette
A two-level foundation course in business English. 100 hours of teaching material, supported by a further 100 hours of self-study materials on CD-ROM, on audio CD, in the Student's Book and Workbook, and on the Business Focus website.
Shranjeno v:
| Glavni avtor: | |
|---|---|
| Format: | Knjiga |
| Jezik: | Undetermined |
| Izdano: |
Oxford
Oxford university press
2004
|
| Teme: | |
| Oznake: |
Označite
Brez oznak, prvi označite!
|
| Thư viện lưu trữ: | Trung tâm Học liệu Trường Đại học Cần Thơ |
|---|
| LEADER | 00802nam a2200229Ia 4500 | ||
|---|---|---|---|
| 001 | CTU_100774 | ||
| 008 | 210402s9999 xx 000 0 und d | ||
| 020 | |c 78000 | ||
| 082 | |a 428.24 | ||
| 082 | |b G761c | ||
| 100 | |a Grant, David | ||
| 245 | 0 | |a Business focus : | |
| 245 | 0 | |b Class cassette | |
| 245 | 0 | |c David Grant | |
| 260 | |a Oxford | ||
| 260 | |b Oxford university press | ||
| 260 | |c 2004 | ||
| 520 | |a A two-level foundation course in business English. 100 hours of teaching material, supported by a further 100 hours of self-study materials on CD-ROM, on audio CD, in the Student's Book and Workbook, and on the Business Focus website. | ||
| 650 | |a English language | ||
| 650 | |x Study and teaching | ||
| 904 | |i Vương | ||
| 980 | |a Trung tâm Học liệu Trường Đại học Cần Thơ | ||